| 000 | 00837nam a2200265Ia 4500 | ||
|---|---|---|---|
| 003 | OSt | ||
| 005 | 20220918171022.0 | ||
| 006 | a|||||r|||| 00| 0 | ||
| 007 | ta | ||
| 008 | 220917b |||||||| |||| 00| 0 eng d | ||
| 020 |
_a9781137490032 (hbk) _c6094.80 |
||
| 024 | _a286,837 | ||
| 037 |
_b7649, 01/12/2015, Efficient Book Distributors _cTextual |
||
| 040 |
_aARTS _cARTS _beng |
||
| 041 |
_2eng _aeng |
||
| 082 | _aVv, Q5 | ||
| 100 |
_aStock Paul Ed. _933186 |
||
| 245 | 0 | _aUses of space in early modern history | |
| 260 |
_aNew York _bPalgrave Macmillan U.S.A _c2015 |
||
| 300 |
_axiv, 269p. _ccm. |
||
| 490 | _aPalgrave studies in cultural and intellectual history | ||
| 650 | _aHISTORY | ||
| 942 |
_hVv, Q5 _cTEXL _2CC |
||
| 999 |
_c137317 _d137317 |
||